书目信息 |
| 题名: |
行政法与行政诉讼法
|
|
| 作者: | 莫于川 主编 | |
| 分册: | ||
| 出版信息: | 北京 中国人民大学出版社 2012 |
|
| 页数: | 364页 | |
| 开本: | 26cm | |
| 丛书名: | ||
| 单 册: | ||
| 中图分类: | D922.101 | |
| 科图分类: | ||
| 主题词: | 行政法--Hang Zheng Fa--中国--高等学校--教材 , 行政诉讼法--Hang Zheng Su Song Fa--中国--高等学校--教材 | |
| 电子资源: | ||
| ISBN: | 978-7-300-15573-9 | |
| 000 | 01374nam0 22002531 450 | |
| 001 | 350341 | |
| 005 | 20161008165311.51 | |
| 010 | @a978-7-300-15573-9@dCNY39.80 | |
| 100 | @a20121026d2012 em y0chiy50 ea | |
| 101 | 0 | @achi |
| 102 | @aCN@b110000 | |
| 105 | @ay z 000yy | |
| 106 | @ar | |
| 200 | 1 | @a行政法与行政诉讼法@AHang Zheng Fa Yu Hang Zheng Su Song Fa@f莫于川主编 |
| 210 | @a北京@c中国人民大学出版社@d2012 | |
| 215 | @a364页@d26cm | |
| 300 | @a21世纪中国高校法学系列教材 国家级精品课程 北京市精品课程 北京市高等教育精品教材立项项目 | |
| 330 | @a本书内容涉及当代行政法和行政诉讼法的基本方面,包括:行政法的基本范畴、基本原则和历史发展;行政机关、被授权组织以及受委托组织、行政公务人员、行政相对人等主体方面的知识和行政组织法制;行政主体的抽象行为和具体行为的内容,包括行政立法行为和制定其他规范性文件等抽象行政行为,行政命令、行政征收与征用、行政许可、行政确认、行政检查、行政处罚、行政强制、行政紧急行为等行政执法行为,行政裁决、行政仲裁和行政调解等行政司法行为,行政计划与规划、行政指导、行政合同、行政资助、行政奖励、行政给付等新型的行为方式,以及行政程序法制的有关内容等。 | |
| 606 | 0 | @a行政法@AHang Zheng Fa@y中国@x高等学校@j教材 |
| 606 | 0 | @a行政诉讼法@AHang Zheng Su Song Fa@y中国@x高等学校@j教材 |
| 690 | @aD922.101@v5 | |
| 701 | 0 | @a莫于川@AMo Yu Chuan@f(1956~)@4主编 |
| 801 | 0 | @aCN@bTANGWEI@c20160803 |
| 905 | @b0889540-4@dD922.101@e1286@f5 | |
| 行政法与行政诉讼法/莫于川主编.-北京:中国人民大学出版社,2012 |
| 364页;26cm |
| 21世纪中国高校法学系列教材 国家级精品课程 北京市精品课程 北京市高等教育精品教材立项项目 |
| ISBN 978-7-300-15573-9:CNY39.80 |
| 本书内容涉及当代行政法和行政诉讼法的基本方面,包括:行政法的基本范畴、基本原则和历史发展;行政机关、被授权组织以及受委托组织、行政公务人员、行政相对人等主体方面的知识和行政组织法制;行政主体的抽象行为和具体行为的内容,包括行政立法行为和制定其他规范性文件等抽象行政行为,行政命令、行政征收与征用、行政许可、行政确认、行政检查、行政处罚、行政强制、行政紧急行为等行政执法行为,行政裁决、行政仲裁和行政调解等行政司法行为,行政计划与规划、行政指导、行政合同、行政资助、行政奖励、行政给付等新型的行为方式,以及行政程序法制的有关内容等。 |
| ● |
| 相关链接 |
|
|
|
|
正题名:行政法与行政诉讼法
索取号:D922.101/1286
 
预约/预借
| 序号 | 登录号 | 条形码 | 馆藏地/架位号 | 状态 | 备注 |
| 1 | 0889540 | 208895409 | 第一样本阅览室/ [索取号:D922.101/1286] | 在馆 | |
| 2 | 0889541 | 208895418 | 密集书库-史法系/ [索取号:D922.101/1286] | 在馆 | |
| 3 | 0889542 | 208895427 | 第一借阅区/ [索取号:D922.101/1286] | 在馆 | |
| 4 | 0889543 | 208895436 | 第一借阅区/ [索取号:D922.101/1286] | 在馆 | |
| 5 | 0889544 | 208895445 | 第一借阅区/ [索取号:D922.101/1286] | 在馆 |